00359nam a22001337a 4500003000400000008004100004020001800045082001700063100001600080245004400096260004100140300001700181650002700198OSt230421b2019 |||||||| |||| 00| 0 eng d a9789389307948 a158.7bKAI-O aKaila, H.L. aOrganizational psychology /cH.L. Kaila aNew Delhi :bDreamtech Press,c2019. axvi, 309p. ; aPsychology, Industrial